000 00714nam a2200253Ia 4500
003 OSt
005 20221005043950.0
006 a|||||r|||| 00| 0
007 ta
008 221004b |||||||| |||| 00| 0 eng d
020 _a0957735502
024 _a79792
037 _cTextual
040 _aCRL
_cCRL
_beng
041 _2eng
_aeng
082 _aa13,12,N10, P0 (BB)
100 _aKinnear Michael S
_9242576
245 0 _aGramophone company's Indian recordings 1908 to 1910
260 _aHeidelberg
_bThe Author Australia
_c2000
300 _a364p.
_ccm.
650 _aBIBLIOGRAPHY
942 _ha13,12,N10, P0 (BB)
_cTEXL
_2cc
999 _c952657
_d952657